Nélkülözhetetlen elmélet egy nemzedéki jelentkezés fenomenológiájához
Elmentve itt :
| Szerző: | |
|---|---|
| Adatforrás: | Philobibl |
| Forrásdokumentuma: | Kellék 2003:23. p. 45-56. |
| Dokumentumtípus: | Cikk |
| Nyelv: | magyar |
| Megjelent: |
2003
|
| LEADER | 00336nab a2200109 c 4500 | ||
|---|---|---|---|
| 001 | bibPHI0033191 | ||
| 005 | 20200924123129.2 | ||
| 008 | 081112s2003 rm hun | ||
| 100 | 1 | |a Gáll Ernő | |
| 245 | 1 | 0 | |a Nélkülözhetetlen elmélet |b egy nemzedéki jelentkezés fenomenológiájához |c Gáll Ernő |
| 260 | |a 2003 | ||
| 773 | 0 | |t Kellék |g 2003:23. p. 45-56. | |